Zielgerichtete Ressourcenallokation : Ein Modellentwurf Zur Effektivitaetsanalyse Praktischer Budgetplanung Am Beispiel Von Berlin (West).

Bibliographic Details
Main Author: Sputek, Karl.
Format: eBook
Language:German
Published: Frankfurt a.M. : Peter Lang GmbH, Internationaler Verlag der Wissenschaften, 1989.
Edition:1st ed.
Series:Allokation Im Marktwirtschaftlichen System Series
Subjects:
Online Access:Click to View
LEADER 04083nam a22003973i 4500
001 EBC30686292
003 MiAaPQ
005 20231204023231.0
006 m o d |
007 cr cnu||||||||
008 231204s1989 xx o ||||0 ger d
020 |a 9783631756140  |q (electronic bk.) 
020 |z 9783631422472 
035 |a (MiAaPQ)EBC30686292 
035 |a (Au-PeEL)EBL30686292 
035 |a (OCoLC)1397570212 
040 |a MiAaPQ  |b eng  |e rda  |e pn  |c MiAaPQ  |d MiAaPQ 
100 1 |a Sputek, Karl. 
245 1 0 |a Zielgerichtete Ressourcenallokation :  |b Ein Modellentwurf Zur Effektivitaetsanalyse Praktischer Budgetplanung Am Beispiel Von Berlin (West). 
250 |a 1st ed. 
264 1 |a Frankfurt a.M. :  |b Peter Lang GmbH, Internationaler Verlag der Wissenschaften,  |c 1989. 
264 4 |c ©1990. 
300 |a 1 online resource (206 pages) 
336 |a text  |b txt  |2 rdacontent 
337 |a computer  |b c  |2 rdamedia 
338 |a online resource  |b cr  |2 rdacarrier 
490 1 |a Allokation Im Marktwirtschaftlichen System Series ;  |v v.30 
505 0 |a Cover -- Inhaltsübersicht/Abstract -- Verzeichnis der Abbildungen -- Verzeichnis der Tabellen -- Systemtechnische Begriffsbildung -- 1 Einleitung -- 1.1 Hintergrund -- 1.2 Problemstellung -- 1.3 Vorgehensweise -- 2 Zielanalyse -- 2.1 Zielstrukturierung -- 2.1.1 Randbedingungen des Grobentwurfs -- 2.1.2 Prinzipien des Feinentwurfs -- 2.1.3 Zielhierarchie -- 2.2 Zielgewichtung -- 2.2.1 Technische Quellenanalyse -- 2.2.1.1 Aufbereitungskriterien -- 2.2.1.2 Literaturquellen -- 2.2.1.3 Methodik -- 2.2.1.4 Normierung -- 2.2.2 Simulation -- 2.2.3 Quellengewichtung -- 2.2.3.1 Bagatellausgleich -- 2.2.3.2 Idealquellengewicht -- 2.2.3.3 Bedeutungsdynamik -- 2.2.3.4 Korrekturfaktoren -- 2.2.3.5 Quellengewichtssynthese -- 2.2.4 Zielgewichtssynthese -- 2.3 Ergebnisse der Zielanalyse -- 3 Budgetanalyse -- 3.1 Haushaltsbudget -- 3.2 Gesamtbudget -- 3.3 Ergebnisse der Budgetanalyse -- 4 Theorie zielorientierter Ressourcenallokation -- 4.1 Inputdenken -- 4.2 Thesen -- 5 Empirische Analyse der Zielorientierung -- 5.1 Gleichheit von Budgetanteil und Zielgewicht -- 5.2 Time lag Problematik -- 5.3 Ziellnterdependenzanalyse -- 5.3.1 Methodik -- 5.3.2 Budgtierungsauswirkungen -- 5.4 Zielgewichtsabhängigkeit des Budgetanteils -- 5.4.1 Zeitvergleich - Budgetfortschreibung -- 5.4.2 Zielvergleich - Zero-Base Budgeting -- 5.5 Zielgewichtsabhängigkeit der Budgetwachstumsrate -- 5.6 Zielgewichtsabhängigkeit des absoluten Budgetwachstums -- 5.7 Kombination von Budgetanteils- und Budgetwachstumstehesen -- 5.8 Ergebnisse der Zielorlentierungsanalyse -- 6 Systemzustandsanalyse -- 6.1 Zustandsindikatoren -- 6.2 Zustandsbewertung -- 6.3 Zielerreichung -- 7 Theorie zielwirksamer Ressourcenallokation -- 7.1 Outputdenken -- 7.2 Thesen -- 8 Empirische Analyse der Zielwirksamkeit -- 8.1 Zielerreichungsgradabhängigkeit des Budgetanteils. 
505 8 |a 8.2 Zielerreichungsgradabhängigkeit der Zielgewichtung -- 8.3 Restpotentialabhängigkeit des Budgetanteils -- 8.4 Restpotentialabhängigkeit der Budgetwachstumsrate -- 8.5 Nutzenabhängigkeit des Budgetanteils -- 8.6 Nutzenabhängigkeit der Budgetwachstumsrate -- 8.7 Abhängigkeit des Budgetanteils von der Wachstumsrate des Zielerreichungsgrads -- 8.8 Ergebnisse der Zielwirksamkeitsanalyse -- 9 Modell- und Ergebniskritik -- 10 Zusammenfassung -- Anhang -- Literaturverzeichnis. 
588 |a Description based on publisher supplied metadata and other sources. 
590 |a Electronic reproduction. Ann Arbor, Michigan : ProQuest Ebook Central, 2023. Available via World Wide Web. Access may be limited to ProQuest Ebook Central affiliated libraries.  
655 4 |a Electronic books. 
776 0 8 |i Print version:  |a Sputek, Karl  |t Zielgerichtete Ressourcenallokation  |d Frankfurt a.M. : Peter Lang GmbH, Internationaler Verlag der Wissenschaften,c1989  |z 9783631422472 
797 2 |a ProQuest (Firm) 
830 0 |a Allokation Im Marktwirtschaftlichen System Series 
856 4 0 |u https://ebookcentral.proquest.com/lib/matrademy/detail.action?docID=30686292  |z Click to View